MARC details
| 000 -LEADER |
| fixed length control field |
00947nam a2200313 a 4500 |
| 003 - CONTROL NUMBER IDENTIFIER |
| control field |
TR-AnTOB |
| 005 - DATE AND TIME OF LATEST TRANSACTION |
| control field |
20231115144730.0 |
| 007 - PHYSICAL DESCRIPTION FIXED FIELD--GENERAL INFORMATION |
| fixed length control field |
ta |
| 008 - FIXED-LENGTH DATA ELEMENTS--GENERAL INFORMATION |
| fixed length control field |
221227s2022 tu a r2 000 0 tur d266tur u |
| 020 ## - INTERNATIONAL STANDARD BOOK NUMBER |
| International Standard Book Number |
9786051379432 |
| 040 ## - CATALOGING SOURCE |
| Original cataloging agency |
KARATAY |
| Language of cataloging |
eng |
| Description conventions |
rda |
| Transcribing agency |
KARATAY |
| Modifying agency |
TR-AnTOB |
| 041 0# - LANGUAGE CODE |
| Language code of text/sound track or separate title |
Türkçe |
| 044 ## - COUNTRY OF PUBLISHING/PRODUCING ENTITY CODE |
| ISO country code |
tu |
| 049 ## - LOCAL HOLDINGS (OCLC) |
| Holding library |
KARATAY |
| 050 00 - LIBRARY OF CONGRESS CALL NUMBER |
| Classification number |
TX298 |
| Item number |
.D39 2022 |
| 090 00 - LOCALLY ASSIGNED LC-TYPE CALL NUMBER (OCLC); LOCAL CALL NUMBER (RLIN) |
| Classification number (OCLC) (R) ; Classification number, CALL (RLIN) (NR) |
TX298 |
| Local cutter number (OCLC) ; Book number/undivided call number, CALL (RLIN) |
.D39 2022 |
| 110 2# - MAIN ENTRY--CORPORATE NAME |
| Corporate name or jurisdiction name as entry element |
Türkiye Odalar ve Borsalar Birliği |
| 9 (RLIN) |
18 |
| 245 10 - TITLE STATEMENT |
| Title |
Dayanıklı tüketim malları sektör raporu 2020-2021. |
| 264 #1 - PRODUCTION, PUBLICATION, DISTRIBUTION, MANUFACTURE, AND COPYRIGHT NOTICE |
| Place of production, publication, distribution, manufacture |
Ankara : |
| Name of producer, publisher, distributor, manufacturer |
Türkiye Odalar ve Borsalar Birliği, |
| Date of production, publication, distribution, manufacture, or copyright notice |
2022. |
| 300 ## - PHYSICAL DESCRIPTION |
| Extent |
v, 31 pages : |
| Other physical details |
graphics ; |
| Dimensions |
25 cm |
| 336 ## - CONTENT TYPE |
| Content type code |
txt |
| Source |
rdacontent |
| 337 ## - MEDIA TYPE |
| Media type code |
n |
| Source |
rdamedia |
| 338 ## - CARRIER TYPE |
| Carrier type code |
nc |
| Source |
rdacarrier |
| 490 1# - SERIES STATEMENT |
| Series statement |
TOBB Yayın no ; |
| Volume/sequential designation |
2022/16 |
| 650 #7 - SUBJECT ADDED ENTRY--TOPICAL TERM |
| Topical term or geographic name entry element |
Ev aletleri |
| Source of heading or term |
etuturkob |
| 9 (RLIN) |
78198 |
|
| Topical term or geographic name entry element |
Ev ekonomisi |
| Form subdivision |
Ekipman ve Sarf Malzemeleri |
| 9 (RLIN) |
126221 |
| 942 ## - ADDED ENTRY ELEMENTS (KOHA) |
| Source of classification or shelving scheme |
Library of Congress Classification |
| Koha item type |
Book |